Statistiques concernant Quel pays ce dirigeant politique a t - il dirigé ?

Cliquez ici pour prendre le quiz!

Statistiques générales

  • Ce quiz a été pris 147 fois
  • Le résultat moyen est 11 sur 16

Statistiques - réponses

Réponse% Correct
Etats - Unis
100%
Allemagne
97%
France
97%
Chine
94%
Egypte
94%
URSS
89%
Japon
83%
Italie
80%
Royaume - Uni
79%
Canada
76%
Espagne
71%
Turquie
50%
Algérie
46%
Portugal
44%
Argentine
27%
Ouganda
20%

Distribution des résultats

Percentile par nombre de réponses

% des personnes avec chaque résultat

Votre développement - résultats

Vous n’avez pas pris ce quiz